Amazonia 2009 : (Registro nro. 19665)

Detalles MARC
000 -CABECERA
Campo de control 00589nfm a22001697a 4500
005 - FECHA Y HORA DE LA ULTIMA TRANSACCION
Campo de control 20180305152705.0
008 - ELEMENTOS DE LONGITUD FIJA—INFORMACION GENERAL
Campo de control 170616b ck ||||| |||| 00| 0 spa d
040 ## - FUENTE DE CATALOGACIÓN
Agencia catalogadora original CO-BoIAVH
Agencia transcriptora CO-BoIAVH
041 ## - IDIOMA
Código de idioma para texto/pista de sonido o título separado Español
044 ## - PAÍS DE PUBLICACIÓN
País de publicación Colombia
090 ## - CLASIFICACIÓN LOCAL
Colección FG-
Consecutivo 0192
110 2# - ASIENTO PRINCIPAL--NOMBRE CORPORATIVO
Nombre corporativo o de jurisdicción como elemento de entrada Red Amazónica de Información Socioambiental Georreferenciada
245 ## - MENCION DE TITULO
Título Amazonia 2009 :
Parte restante del título Áreas protegidas territorios indígenas
260 ## - PUBLICACION, DISTRIBUCION, ETC. (PIE DE IMPRENTA)
Lugar de publicación, distribución, etc. Bogotá:
Nombre del editor, distribuidor, etc. Red Amazónica de Información Socioambiental Georreferenciada,
Fecha de publicación, distribución, etc. 2009.
300 ## - DESCRIPCION FISICA
Extensión mapa plegabe
Otros detalles físicos ilustraciones a color
Dimensiones 18 x 25 cm
942 ## - ELEMENTOS ADICIONALES (KOHA)
Sistema de clasificación Local
Tipo de ítem Folleto
Existencias
Withdrawn status Lost status Sistema de Clasificación Damaged status No para préstamo Colección Ubicación Permanente Ubicación actual Fecha de adquisición Total Checkouts Número topográfico Inventario / Código de Barras Date last seen Ejemplar Price effective from Forma de adquisición Tipo de material
    Local     Hemeroteca Bogotá Bogotá 16/06/2017   FG-0192 041453 16/06/2017 Ej. 1 16/06/2017 Donación Folleto
    Local     Hemeroteca Bogotá Bogotá 07/10/2019   FG-0192 043578 07/10/2019 Ej. 2 07/10/2019 Donación Folleto